| 000 | 00000nam##2200000za#4500 |
| 001 | 9.603742 |
| 003 | CaOODSP |
| 005 | 20210624211225 |
| 007 | cr ||||||||||| |
| 008 | 150406|2004||||xxc|||||o f|0| 0 fre|d |
| 040 | |aCaOODSP|bfre |
| 043 | |an-cn--- |
| 086 | 1 |aT41-1/10F-PDF |
| 110 | 1 |aCanada. |bTransports Canada. |
| 245 | 10|aSystème de priorité pour le transport en commun : |h[ressource électronique]|bplanification et mise en place d'un projet pilote |
| 260 | |aOttawa - Ontario : |bTransports Canada |cJuillet 2004. |
| 300 | |a5p.|bcarte |
| 490 | 1 |aÉtudes de cas sur les transports durables|vÉtude de cas nº 10 |
| 500 | |aEn tête du titre : Programme de démonstration en transport urbain. «Région de York, Ontario». |
| 590 | |a12-20-Supp|b2012-05-09 |
| 775 | 08|tTransit priority system : |w(CaOODSP)9.573642 |
| 830 | #0|aÉtudes de cas sur les transports durables ;|vÉtude de cas nº 10|w(CaOODSP)9.503247 |
| 856 | 40|ahttp://publications.gc.ca|qPDF|s210 Ko|uhttps://publications.gc.ca/collections/collection_2012/tc/T41-1-10-fra.pdf|yÉtude de cas nº 10 |
| 986 | |aTP14258F |